Essentials Of Pediatric Dentistry (Record no. 20870)

MARC details
000 -LEADER
fixed length control field 00379nam a22001577a 4500
003 - CONTROL NUMBER IDENTIFIER
control field SGT
020 ## - INTERNATIONAL STANDARD BOOK NUMBER
International Standard Book Number 978-8184487428
082 ## - DEWEY DECIMAL CLASSIFICATION NUMBER
Classification number 617.632
Item number E10A
100 ## - MAIN ENTRY--PERSONAL NAME
Personal name Asnani K.H
245 ## - TITLE STATEMENT
Title Essentials Of Pediatric Dentistry
250 ## - EDITION STATEMENT
Edition statement 1st
260 ## - PUBLICATION, DISTRIBUTION, ETC. (IMPRINT)
Place of publication, distribution, etc NEW DELHI
Name of publisher, distributor, etc Jaypee Brothers Medical Publishers
Year of Publication 2010
300 ## - PAGE DESCRIPTION
No. of Pages 1-245
650 ## - SUBJECT ADDED ENTRY--TOPICAL TERM
Topical term or geographic name as entry element Pediatric Dentistry
942 ## - ADDED ENTRY ELEMENTS (KOHA)
Source of classification or shelving scheme Dewey Decimal Classification
Koha item type Books
Holdings
Withdrawn status Lost status Source of classification or shelving scheme Damaged status Not for loan Home library Current library Shelving location Date acquired Vendor Name Cost, normal purchase price SGTU Bill Number Total Checkouts Full call number Accession No. (Barcode) Date last seen Date last borrowed Bill Date Koha item type
    Dewey Decimal Classification     SGT Dental Library SGT Dental Library Text Book 03/03/2021 AHUJA BOOK COMPANY 1250.00 SGTU 12616 1 617.632 E10A FD8216 06/09/2025 22/08/2025 27/01/2021 Books
    Dewey Decimal Classification     SGT Dental Library SGT Dental Library Text Book 03/03/2021 AHUJA BOOK COMPANY 1250.00 SGTU 12616   617.632 E10A FD8217 03/03/2021   27/01/2021 Books
    Dewey Decimal Classification     SGT Dental Library SGT Dental Library Text Book 03/03/2021 AHUJA BOOK COMPANY 1250.00 SGTU 12616   617.632 E10A FD8218 03/03/2021   27/01/2021 Books